| 000 | 01006nam a2200265Ia 4500 | ||
|---|---|---|---|
| 003 | OSt | ||
| 005 | 20221005105659.0 | ||
| 006 | a|||||r|||| 00| 0 | ||
| 007 | ta | ||
| 008 | 221004b |||||||| |||| 00| 0 san d | ||
| 020 |
_a9788181439123 (hbk) _c250 |
||
| 024 | _a7054 | ||
| 037 |
_b94, 05/09/2013, Vani Prakashan _cTextual |
||
| 040 |
_aCRL _cCRL _bsan |
||
| 041 |
_2san _asan |
||
| 082 | _aO15:gx1,1, 152P8 | ||
| 100 | _aत्रिपाठी, राधा बल्लभ | ||
| 245 | 0 | _aसड़़्.क्षिप्तनाट्यशास्त्रम् | |
| 246 | _aSaḍ़़.kṣhiptanāṭyashāstram | ||
| 260 |
_aनई दिल्ली _bवाणी प्रकाशन भारत _c2008 |
||
| 300 |
_a291पृ0 _ccm. |
||
| 650 | _aसंस्कृत साहित्य | ||
| 942 |
_hO15:gx1,1, 152P8 _cTEXL _2cc |
||
| 999 |
_c1016552 _d1016552 |
||